Zákony myslenia a viery (Record no. 20408)
[ view plain ]
| 000 -LEADER | |
|---|---|
| fixed length control field | 01569cam a2200445 a 4500 |
| 001 - CONTROL NUMBER | |
| control field | 20408 |
| 003 - CONTROL NUMBER IDENTIFIER | |
| control field | VRT |
| 005 - DATE AND TIME OF LATEST TRANSACTION | |
| control field | 20260122120559.0 |
| 008 - FIXED-LENGTH DATA ELEMENTS--GENERAL INFORMATION | |
| fixed length control field | 240315s2001 xo e 00000 slo |
| 015 ## - NATIONAL BIBLIOGRAPHY NUMBER | |
| National bibliography number | SNBA2001/09-03263 |
| 020 ## - INTERNATIONAL STANDARD BOOK NUMBER | |
| International Standard Book Number | 8088915651 (viaz.) |
| 035 ## - SYSTEM CONTROL NUMBER | |
| System control number | SNK000371252 |
| 035 ## - SYSTEM CONTROL NUMBER | |
| System control number | urn:nbn:sk:snk-amkn15 |
| 035 ## - SYSTEM CONTROL NUMBER | |
| System control number | urn:nbn:sk:snk-am0089qm |
| 035 ## - SYSTEM CONTROL NUMBER | |
| System control number | B248D1A0-C338-4058-A6AA-B804CD099096 |
| 039 #9 - LEVEL OF BIBLIOGRAPHIC CONTROL AND CODING DETAIL [OBSOLETE] | |
| Level of rules in bibliographic description | 202502251135 |
| Level of effort used to assign nonsubject heading access points | msnk162 |
| Level of effort used to assign subject headings | 202403151728 |
| Level of effort used to assign classification | VLOAD |
| Level of effort used to assign subject headings | 201803151028 |
| Level of effort used to assign classification | AUTHORITY |
| Level of effort used to assign subject headings | 201803080854 |
| Level of effort used to assign classification | mbjkdg02 |
| 040 ## - CATALOGING SOURCE | |
| Original cataloging agency | SNK |
| Language of cataloging | slo |
| Transcribing agency | SNK |
| Description conventions | AACR2 |
| 041 1# - LANGUAGE CODE | |
| Language code of text/sound track or separate title | slo |
| Language code of original | eng |
| 044 ## - COUNTRY OF PUBLISHING/PRODUCING ENTITY CODE | |
| MARC country code | xo |
| ISO country code | SK |
| 080 ## - UNIVERSAL DECIMAL CLASSIFICATION NUMBER | |
| Universal Decimal Classification number | 159.923.5 |
| Edition identifier | 1981 |
| 100 1# - MAIN ENTRY--PERSONAL NAME | |
| Personal name | Murphy, Joseph, |
| Dates associated with a name | 1898-1981 |
| Relationship | aut |
| 240 14 - UNIFORM TITLE | |
| Uniform title | The amazing laws of cosmic mind power |
| Language of a work | Slovensky |
| 245 10 - TITLE STATEMENT | |
| Title | Zákony myslenia a viery |
| Remainder of title | budete tým, čo si myslíte a v čo veríte |
| Statement of responsibility, etc. | Joseph Murphy ; [preklad Monika Sýkorová] |
| 250 ## - EDITION STATEMENT | |
| Edition statement | 2. vyd. |
| 260 ## - PUBLICATION, DISTRIBUTION, ETC. | |
| Place of publication, distribution, etc. | [Bratislava] |
| Name of publisher, distributor, etc. | Aktuell |
| Date of publication, distribution, etc. | c2001 |
| 300 ## - PHYSICAL DESCRIPTION | |
| Extent | 231 s. |
| Dimensions | 20 cm |
| 500 ## - GENERAL NOTE | |
| General note | Údaj o prekl. prevzatý z rubu tit. strany |
| 650 07 - SUBJECT ADDED ENTRY--TOPICAL TERM | |
| Topical term or geographic name entry element | podvedomie |
| Source of heading or term | SNKPH |
| 650 07 - SUBJECT ADDED ENTRY--TOPICAL TERM | |
| Topical term or geographic name entry element | rozvoj osobnosti |
| Source of heading or term | SNKPH |
| 655 #7 - INDEX TERM--GENRE/FORM | |
| Genre/form data or focus term | príručky |
| Source of term | SNKPH |
| 700 1# - ADDED ENTRY--PERSONAL NAME | |
| Personal name | Sýkorová, Monika |
| Relationship | trl |
| 910 ## - USER-OPTION DATA (OCLC) | |
| User-option data | snk |
| 910 ## - USER-OPTION DATA (OCLC) | |
| User-option data | bjkdg |
| 942 ## - ADDED ENTRY ELEMENTS (KOHA) | |
| Source of classification or shelving scheme | Dewey Decimal Classification |
| Koha item type | Odborná literatúra pre dospelých |
| Suppress in OPAC | No |
| 949 ## - LOCAL PROCESSING INFORMATION (OCLC) | |
| 6 | 3Z9A13713 |
| a | bpksh159.913 |
| b | bpksh60157 |
| 949 ## - LOCAL PROCESSING INFORMATION (OCLC) | |
| 6 | 17A0307708 |
| 9 | P60, <03>, [BOOK], {603} |
| a | snkSD 71640 |
| b | snkKSP 8176/2001 |
| 949 ## - LOCAL PROCESSING INFORMATION (OCLC) | |
| 6 | 17A0307707 |
| 9 | P60, <04>, [BOOK], {604} |
| a | snkSD 71640 D1 |
| b | snkKSP 8177/2001 |
| 949 ## - LOCAL PROCESSING INFORMATION (OCLC) | |
| 6 | 2889746324 |
| a | savukPV 3796 |
| Stav vyradenia | Strata | Poškodenie | Spôsob nadobudnutia | Domovská knižnica | Aktuálna knižnica | Dátum nadobudnutia | Total checkouts | Čiarový kód exemplára | Date last seen | Typ exemplára |
|---|---|---|---|---|---|---|---|---|---|---|
| Dar | Obecná knižnica Horná Štubňa | Obecná knižnica Horná Štubňa | 22.01.2026 | 9788088915652 | 22.01.2026 | Odborná literatúra pre dospelých |
